000 00195nam a22000977a 4500
082 _a823
_bDAV/R
100 _aHORSBURG, DAVID
245 _aRAMAYANA
260 _aCALCUTTA
_bOXFORD
_c1975
942 _cBK
999 _c7320
_d7320